• 首页
  • 本馆介绍
  • 公告通知
  • 最新文献
  • 馆藏检索
  • 电子资源
  • 读者导购
  • 参考咨询
  • 我的图书馆
  • 登录
  • 详细信息显示
  • 放入我的书架
  • 预约/预借图书
  • 作者相关作品
  • 分类相关作品
  • 丛书相关作品
  • 出版社相关作品

书目信息

  • 表格格式
  • 工作单格式
  • 卡片格式
题名:
巴哈马群岛史
    
 
作者: 麦克尔·克拉顿
分册: 上册  
出版信息: 天津   天津人民出版社  1973.04
页数: 296页
开本: 20cm
丛书名:
单 册:
中图分类: K768
科图分类:
主题词: 美洲--历史
电子资源:
ISBN:
000 00584nam0 2200205 450
001 0630560000
005 20061115083307.10
010    @dCNY1.66(二册)
100    @a20061115d1973 km y0chiy0120 ea
101 0  @achi
102    @aCN@b120000
200 1  @a巴哈马群岛史@h上册@Aba ha ma qun dao shi@f(英)麦克尔·克拉顿@F(ying)mai ke er·ke la dun
210    @a天津@c天津人民出版社@d1973.04
215    @a296页@d20cm
300    @a内部读物
606 0  @a美洲@x历史
690    @aK768@v3
701  0 @a麦克尔·克拉顿@Amai ke er·ke la dun
801  0 @aCN@bPFT@c20061115
905    @a10447@dK768@e1:1
    
    巴哈马群岛史.上册/(英)麦克尔·克拉顿.-天津:天津人民出版社,1973.04
    296页;20cm
    内部读物
    
    ISBN :CNY1.66(二册)
    
●
相关链接 在E读中查询图书 在五车中查询图书 在当当中查询图书 在豆瓣中查询图书


正题名:巴哈马群岛史     索取号:K768/1:1         预约/预借

序号 登录号 条形码 馆藏地/架位号 状态 备注
1 0218741   001413946   第二样本阅览室/ [索取号:K768/1:1] 在馆    
唐山师范学院图书馆 欢迎您!
大连网信软件有限公司© 版权所有